| 000 | 00397nam a2200145 a 4500 | ||
|---|---|---|---|
| 005 | 20140310183257.0 | ||
| 008 | 041102s19uu xx 00 eng d | ||
| 050 |
_aRC 69 _b.P77 2004 |
||
| 245 | _aProfessional guide to signs and symptoms/. | ||
| 300 |
_a883 p. : _bcol. ill. ; _c25 cm. |
||
| 521 | _aNUR | ||
| 650 |
_aSymptoms _xHandbooks, manual, etc. |
||
| 942 |
_cBK _2lcc _kFOR |
||
| 999 |
_c20875 _d20875 |
||